000
00348nam a22001337a 4500
020
_a
9787530220184
082
_a
338.9151
100
_a
Wang, Luo,
245
_a
China and foreign aid
_c
Wang, Luo,
260
_a
China
_b
Intercontinental press
_c
2019
300
_a
252p
942
_2
ddc
_c
BK
999
_c
588408
_d
588408